000 00663nam a2200241Ia 4500
003 OSt
005 20220918174333.0
006 a|||||r|||| 00| 0
007 ta
008 220917b |||||||| |||| 00| 0 eng d
024 _a11,631
037 _cTextual
040 _aARTS
_cARTS
_beng
041 _2eng
_aeng
082 _a/\:36xM72, M3
100 _aPandit M P
_922657
245 0 _aYoga of self-perfection
_b Talks based on Sri Aurbindo's the synthesis of Yoga
260 _aRajsri
_bDipti Pub
_c1983
300 _a308p.
_ccm.
650 _aSPIRITUALISM
942 _h/\:36xM72, M3
_cTEXL
_2CC
999 _c152719
_d152719